Horatio Alger is alive and well and living in America : (Record no. 6293)
[ view plain ]
| 000 -LEADER | |
|---|---|
| fixed length control field | 00629nam a22002052 4500 |
| 001 - CONTROL NUMBER | |
| control field | 0000003230 |
| 005 - DATE AND TIME OF LATEST TRANSACTION | |
| control field | 20151217151919.0 |
| 008 - FIXED-LENGTH DATA ELEMENTS--GENERAL INFORMATION | |
| fixed length control field | 070502s xx 000 0 eng d |
| 020 ## - INTERNATIONAL STANDARD BOOK NUMBER | |
| International Standard Book Number | 402120590 : |
| 040 ## - CATALOGING SOURCE | |
| Original cataloging agency | KABU |
| Transcribing agency | KABU |
| 050 #0 - LIBRARY OF CONGRESS CALL NUMBER | |
| Classification number | CT214 |
| Item number | .G66 |
| 100 1# - MAIN ENTRY--PERSONAL NAME | |
| Personal name | Goodrich, David L. |
| -- | 0000091117 |
| 245 10 - TITLE STATEMENT | |
| Title | Horatio Alger is alive and well and living in America : |
| Remainder of title | success stories of the under-30 generation. |
| 260 ## - PUBLICATION, DISTRIBUTION, ETC. (IMPRINT) | |
| Place of publication, distribution, etc. | New York : |
| Name of publisher, distributor, etc. | Cowles, |
| Date of publication, distribution, etc. | 1971. |
| 300 ## - PHYSICAL DESCRIPTION | |
| Extent | xix, 198 p. |
| 651 #0 - SUBJECT ADDED ENTRY--GEOGRAPHIC NAME | |
| Geographic name | United States |
| General subdivision | Biography. |
| -- | 0000152967 |
| 908 ## - PUT COMMAND PARAMETER (RLIN) | |
| Put command parameter | 070502 |
| 950 ## - LOCAL HOLDINGS (RLIN) | |
| -- | 1 |
| Withdrawn status | Lost status | Source of classification or shelving scheme | Not for loan | Home library | Current library | Date acquired | Total Checkouts | Full call number | Barcode | Date last seen | Date last checked out | Price effective from | Koha item type |
|---|---|---|---|---|---|---|---|---|---|---|---|---|---|
| Library of Congress Classification | Kabarak, Main Campus | Kabarak, Main Campus | 17/12/2015 | 2 | CT214 .G66 | 000877 | 02/12/2019 | 22/11/2019 | 17/12/2015 | General Collection |